The garden and farm books of Thomas Jefferson /

Bibliographic Details
Main Author: Jefferson, Thomas, 1743-1826
Other Authors: Baron, Robert C.
Format: Book
Language:English
Published: Golden, Colo. : Fulcrum, [1987]
Subjects:

MARC

Tag First Indicator Second Indicator Subfields
LEADER 00000cam a2200000 a 4500
001 in00000016294
005 20151007052731.0
008 870505s1987 couah b 00110beng
010 |a  87012072  
020 |a 1555910130 :  |c $20.00 
035 |a (OCoLC)16005889 
035 |9 AAA8980AM 
040 |a DLC  |c DLC  |d TXA  |d UtOrBLW 
043 |a n-us-va 
049 |a TXAM  |c [A12608251] 
050 0 0 |a SB451.34.V8  |b J44 1987 
082 0 |a 630/.9755  |2 19 
100 1 |a Jefferson, Thomas,  |d 1743-1826. 
245 1 4 |a The garden and farm books of Thomas Jefferson /  |c edited by Robert C. Baron. 
264 1 |a Golden, Colo. :  |b Fulcrum,  |c [1987] 
264 4 |c ©1987 
300 |a 528 pages :  |b illustrations (some color), facsimiles ;  |c 23 cm. 
336 |a text  |b txt  |2 rdacontent 
337 |a unmediated  |b n  |2 rdamedia 
338 |a volume  |b nc  |2 rdacarrier 
504 |a Bibliography: pages [513]-519. 
500 |a Includes index. 
650 0 |a Gardening  |z Virginia. 
650 0 |a Agriculture  |z Virginia. 
651 0 |a Monticello (Va.) 
600 1 0 |a Jefferson, Thomas,  |d 1743-1826. 
650 0 |a Presidents  |z United States  |v Biography. 
700 1 |a Baron, Robert C. 
999 |a MARS 
999 f f |s ae805cb6-cad2-3c40-bbf4-9e20a2954dc5  |i 53d4a78a-ff43-3e06-b493-681c86c67499  |t 0 
952 f f |p ric  |a Texas A&M University  |b Rellis Campus  |c Joint Library Facility  |d Remote Storage  |t 0  |e SB451.34.V8 J44 1987  |h Library of Congress classification  |i unmediated -- volume  |m A14812608251 
998 f f |a SB451.34.V8 J44 1987  |t 0  |l Remote Storage